Svetlo v očiach slepca, alebo, Chaos, ktorý sa oplatí podstúpiť

Bibliographic Details
Main Author: Suchý, Viktor, 1976- (Author)
Format: Article
Language:Slovak
ISSN:0231-6714
Subjects:

MARC

LEADER 00000nab a2200000 a 4500
001 vtls000811008
003 SK-MaSNL
005 20260305002811.0
008 250505c2002 xo 0 slo
015 |a SNBRB2002/10-33401 
035 |a CLN000162663 
035 |a urn:nbn:sk:snk-abbvuf 
035 |a (urnnbn)urn:nbn:sk:snk:ar-000216 
035 |a (uuid)087ea30f-0cf6-4ea8-aa04-8757977f54b6 
040 |a SNKBUCL  |b slo  |c SNKBUCL  |e AACR2 
041 0 |a slo 
044 |a xo  |c SK 
080 |a 82.09:885.4-1(048)  |2 1997 
080 |a 885.4-1(048)  |2 1997 
100 1 |a Suchý, Viktor,  |d 1976-  |4 aut  |9 244513 
245 1 0 |a Svetlo v očiach slepca, alebo, Chaos, ktorý sa oplatí podstúpiť  |c Viktor Suchý 
650 0 7 |a slovenská poézia  |2 snkbucl  |9 215422 
655 7 |a recenzie  |2 snkbucl  |9 21907 
655 7 |a články z novín a časopisov  |2 snkbucl  |9 267496 
773 0 |t Romboid  |g Roč. 37, č. 7 (2002), s. 82-83  |x 0231-6714 
787 0 8 |i Rec.:  |a Groch, Erik, 1957-  |t L'acinéma  |d Banská Bystrica : Drewo a srd, 2001  |z 8088965357 
850 |a Slovenská národná knižnica 
852 |a Slovenská národná knižnica 
958 |a article15 
958 |a LX 
958 |a OND 
958 |a EUIPO 
999 |c 3227026  |d 3228956